AutoCAD and AutoCAD LT (Record no. 111008)
[ view plain ]
| 000 -LEADER | |
|---|---|
| fixed length control field | 02390cad a22002295a 4500 |
| 001 - CONTROL NUMBER | |
| control field | L150889 |
| 008 - FIXED-LENGTH DATA ELEMENTS--GENERAL INFORMATION | |
| fixed length control field | 100910s2010 xxk f 000 0 eng d |
| 020 ## - INTERNATIONAL STANDARD BOOK NUMBER | |
| International Standard Book Number | 9780470901427 |
| 035 ## - SYSTEM CONTROL NUMBER | |
| System control number | (Sirsi) u150889 |
| 041 0# - LANGUAGE CODE | |
| Language code of text/sound track or separate title | eng |
| 050 04 - LIBRARY OF CONGRESS CALL NUMBER | |
| Classification number | 620.004 $2 18 |
| 100 1# - MAIN ENTRY--PERSONAL NAME | |
| Personal name | Gladfelter, Donnie |
| 245 00 - TITLE STATEMENT | |
| Title | AutoCAD and AutoCAD LT |
| 260 ## - PUBLICATION, DISTRIBUTION, ETC. | |
| Name of publisher, distributor, etc. | Sybex Inc |
| Date of publication, distribution, etc. | 2010 |
| 300 ## - PHYSICAL DESCRIPTION | |
| Extent | eBook |
| 505 2# - FORMATTED CONTENTS NOTE | |
| Formatted contents note | Chapter 1 Getting to Know AutoCAD -- Chapter 2 Learning Basic Commands to Get Started -- Chapter 3 Setting Up a Drawing -- Chapter 4 Developing Drawing Strategies: Part 1 -- Chapter 5 Developing Drawing Strategies: Part 2 -- Chapter 6 Using Layers to Organize Your Drawing -- Chapter 7 Combining Objects into Blocks -- Chapter 8 Controlling Text in a Drawing -- Chapter 9 Using Dynamic Blocks and Tables -- Chapter 10 Generating Elevations -- Chapter 11 Working with Hatches, Gradients, and Tool Palettes -- Chapter 12 Dimensioning a Drawing -- Chapter 13 Managing External References -- Chapter 14 Using Layouts to Set Up a Print -- Chapter 15 Printing an AutoCAD Drawing -- Chapter 16 Creating 3D Geometry -- Chapter 17 Rendering and Materials |
| 520 ## - SUMMARY, ETC. | |
| Summary, etc. | This eBook is a step-by-step tutorial on AutoCAD and AutoCAD LT basics AutoCAD is the leading drawing software, used by design and drafting professionals to create 2D and 3D technical drawings. This tutorial is aimed at AutoCAD novices and provides you with the essentials you need so you can acquire the necessary skills to work in AutoCAD and AutoCAD LT immediately. You'll begin with the basics and gradually progress to more advanced topics and features, such as grouping, elevations, hatches, and using text in drawings. Concise explanations, focused examples, and step-by-step instructions round out this hands-on tutorial. * Begins with the basics of AutoCAD and AutoCAD LT, the leading 2D and 3D drawing software * Progresses to more advanced topics and skill sets and covers grouping, hatches, and text in drawings * Introduces dimensioning, external references, layouts and printing, and using 3D Contains helpful examples and step-by-step instructions so you can get started using AutoCAD immediately. |
| 651 #4 - SUBJECT ADDED ENTRY--GEOGRAPHIC NAME | |
| Geographic name | INTERNATIONAL |
| 690 ## - LOCAL SUBJECT ADDED ENTRY--TOPICAL TERM (OCLC, RLIN) | |
| Topical term or geographic name as entry element | MANAGEMENT-BUSINESS MANAGEMENT-INFORMATION MANAGEMENT |
| 856 48 - ELECTRONIC LOCATION AND ACCESS | |
| Uniform Resource Identifier | <a href="https://www.vlebooks.com/">https://www.vlebooks.com/</a> |
| Public note | View on VLEbooks. Logins for members only from [email protected] |
| 942 ## - ADDED ENTRY ELEMENTS (KOHA) | |
| Suppress in OPAC | 0 |
| Withdrawn status | Lost status | Source of classification or shelving scheme | Damaged status | Not for loan | Home library | Current library | Shelving location | Date acquired | Total Checkouts | Full call number | Barcode | Date last seen | Copy number | Price effective from | Koha item type |
|---|---|---|---|---|---|---|---|---|---|---|---|---|---|---|---|
| Dewey Decimal Classification | Virtual | Virtual | Online | 10/09/2010 | EBOOK | 150889-1001 | 06/08/2019 | 1 | 06/08/2019 | Book |